<?xml version="1.0" encoding="UTF-8"?>
<marc:record xmlns:marc="http://www.loc.gov/MARC21/slim">
   <marc:leader>00000nam a2200000 a 4500</marc:leader>
   <marc:datafield ind1="1" ind2=" " tag="100">
      <marc:subfield code="a">Silver, Elsie</marc:subfield>
      <marc:subfield code="4">aut</marc:subfield>
      <marc:subfield code="e">Verfasser/-in</marc:subfield>
   </marc:datafield>
   <marc:datafield ind1="0" ind2="0" tag="245">
      <marc:subfield code="a">Wild Love</marc:subfield>
   </marc:datafield>
   <marc:datafield ind1=" " ind2="1" tag="264">
      <marc:subfield code="b">LYX</marc:subfield>
      <marc:subfield code="c">2025</marc:subfield>
   </marc:datafield>
   <marc:datafield ind1="1" ind2=" " tag="490">
      <marc:subfield code="a">Rose Hill</marc:subfield>
   </marc:datafield>
   <marc:datafield ind1="1" ind2=" " tag="520">
      <marc:subfield code="a">Ford Grant, "World's hottest Billionaire" laut der Forbes und erfolgreicher Musikproduzent, staunt nicht schlecht, als ein fremdes Mädchen vor seiner Tür steht, das behauptet, seine Tochter zu sein. Völlig überfordert von der neuen Rolle als Vater und dem Umbau seines Tonstudios auf Rose Hill, nimmt er die Hilfe von Rosie Belmont an - auch wenn er weiß, dass dies keine gute Idee ist. Denn Ford ist schon immer in Rosie verliebt, obwohl sie als kleine Schwester seines besten Freundes absolut tabu ist...</marc:subfield>
   </marc:datafield>
   <marc:datafield ind1=" " ind2=" " tag="020">
      <marc:subfield code="a">9783736324541</marc:subfield>
      <marc:subfield code="9">9783736324541</marc:subfield>
   </marc:datafield>
</marc:record>
